000 00304nam a2200097Ia 4500
082 _a303.4|HABB
245 0 _aSouth Africa's suspended revolution : hopes and prospects
100 _a Habib, Adam Johannesburg, South Africa, 2013
_956892
942 _cBK
008 210817s9999 xx 000 0 und d
999 _c177967
_d177966